Problemas y métodos de la historia económica

Gespeichert in:
Bibliographische Detailangaben
1. Verfasser: Kula, Witold (VerfasserIn)
Format: Buch
Sprache:Spanisch
Veröffentlicht: Barcelona Península 1977
Ausgabe:3a. ed
Schriftenreihe:Historia, Ciencia, Sociedad, 100
Schlagworte:
Tags: Tag hinzufügen
Keine Tags, Fügen Sie den ersten Tag hinzu!

MARC

LEADER 00000nam a2200000 a 4500
001 UCX2059
003 CL-VaPUC
008 910121e19770000SP |||||||||||||||||spa|d
082 0 4 |a 330.9  |b KUL  |2 21 
100 |a Kula, Witold  |e author  |9 429054 
245 1 0 |a Problemas y métodos de la historia económica 
250 |a 3a. ed 
300 |a 729 p 
942 |c BK 
945 |d 19910121 00:00:00 
260 |a Barcelona  |b Península  |c 1977 
650 0 |a Historia económica  |9 307218 
583 |a last modification  |c 19910121 00:00:00  |k Rodrigo Vera 
490 0 |a Historia, Ciencia, Sociedad, 100 
999 |c 223159  |d 223157 
952 |0 0  |1 0  |4 0  |6 330_900000000000000_KUL_1977  |7 0  |8 A  |9 218678  |a BIBHIS  |b BIBHIS  |d 2019-11-15  |i 2874768  |l 1  |o 330.9 KUL 1977  |p 2874768  |r 2025-01-20  |s 2024-05-15  |w 2019-11-15  |y BK  |k HIS